000 00648nam a22002057a 4500
003 OSt
005 20140310184525.0
008 131022t xxu||||| |||| 00| 0 eng d
050 _aBL 795
_b.H46O38 2010
100 _aOtfinoski, Steven.
_96573
245 _aMytholopedia all in the family /
_ba look-it-up guide to the in-laws, outlaws, and offspring of mythology
_cOtfinoski, Steven.
260 _aNew York
_bScholastic Inc.,
_c2010.
300 _a128 p
_bcol. ill. ;
_c24 cm.
521 _aG6
526 _c880
600 _aOtfinoski, Steven.
_96573
700 _aOtfinoski, Steven.
_96573
942 _2lcc
_cBK-SCHOLAS
999 _c35114
_d35114